Property Week supplement (Record no. 76540)

MARC details
000 -LEADER
fixed length control field 00886cab a2200205 4500
001 - CONTROL NUMBER
control field ##L132636
008 - FIXED-LENGTH DATA ELEMENTS--GENERAL INFORMATION
fixed length control field 060227n2006 000 0 eng u
035 ## - SYSTEM CONTROL NUMBER
System control number (Sirsi) u132636
041 0# - LANGUAGE CODE
Language code of text/sound track or separate title eng
100 1# - MAIN ENTRY--PERSONAL NAME
Personal name Greig-Smith, Heather
245 00 - TITLE STATEMENT
Title Property Week supplement
Remainder of title offices and corporate real estate
260 ## - PUBLICATION, DISTRIBUTION, ETC.
Date of publication, distribution, etc. 2006
490 #0 - SERIES STATEMENT
Series statement Property Week
Volume/sequential designation 71(7) 17 February 2006, 3-30(14)
520 ## - SUMMARY, ETC.
Summary, etc. Looks the shift in a power balance between landlord and corporate occupiers in favour of the latter; the potential side effects of mergers and acquisitions; the career profile of the property director of Cadbury Schweppes; corporate governance rules; the office market; and professionals working in exotic locations.
590 ## - LOCAL NOTE (RLIN)
Local note IKA280206
690 ## - LOCAL SUBJECT ADDED ENTRY--TOPICAL TERM (OCLC, RLIN)
Topical term or geographic name as entry element PROPERTY-COMMERCIAL PROPERTY-COMMERCIAL PROPERTY MARKET
700 1# - ADDED ENTRY--PERSONAL NAME
Personal name Dover, Molly
700 1# - ADDED ENTRY--PERSONAL NAME
Personal name Unger, Paul
942 ## - ADDED ENTRY ELEMENTS (KOHA)
Suppress in OPAC 0
Holdings
Withdrawn status Lost status Source of classification or shelving scheme Damaged status Not for loan Home library Current library Shelving location Date acquired Total Checkouts Full call number Barcode Date last seen Copy number Price effective from Koha item type
    Dewey Decimal Classification     London London Journal article 27/02/2006   L132636 132636-1001 06/08/2019 1 06/08/2019 Journal article